Tribhuvan University Central Library

Problems and prospects of tourism in Bhojpur District. (Record no. 71864)

MARC details
000 -LEADER
fixed length control field 00467 a2200181 4500
041 ## - LANGUAGE CODE
Language code of text/sound track or separate title Eng
082 ## - DEWEY DECIMAL CLASSIFICATION NUMBER
Classification number CD9918
100 ## - MAIN ENTRY--PERSONAL NAME
Personal name Rai, Gita
245 ## - TITLE STATEMENT
Title Problems and prospects of tourism in Bhojpur District.
260 ## - PUBLICATION, DISTRIBUTION, ETC. (IMPRINT)
Place of publication, distribution, etc Kathmandu:
Date of publication, distribution, etc 2014
502 ## - DISSERTATION NOTE
Dissertation note Dissertation
Degree type Degree in English
Name of granting institution T.U.
650 ## - SUBJECT ADDED ENTRY--TOPICAL TERM
Topical term or geographic name as entry element Tourism Development - Nepal
650 ## - SUBJECT ADDED ENTRY--TOPICAL TERM
Topical term or geographic name as entry element Trekking Agencies
650 ## - SUBJECT ADDED ENTRY--TOPICAL TERM
Topical term or geographic name as entry element Marketing
650 ## - SUBJECT ADDED ENTRY--TOPICAL TERM
Topical term or geographic name as entry element Cultural heutage
653 ## - INDEX TERM--UNCONTROLLED
Uncontrolled term Tourism
942 ## - ADDED ENTRY ELEMENTS (KOHA)
Source of classification or shelving scheme Dewey Decimal Classification
Koha item type Audio Visual Materials
Holdings
Withdrawn status Lost status Source of classification or shelving scheme Damaged status Not for loan Home library Current library Date acquired Total Checkouts Full call number Barcode Date last seen Price effective from Koha item type
    Dewey Decimal Classification     Tribhuvan University Central Library Tribhuvan University Central Library 04/25/2014   CD9918 A9866 04/25/2014 04/25/2014 Audio Visual Materials